| 000 | 00938nam a22002537a 4500 | ||
|---|---|---|---|
| 005 | 20170124103009.0 | ||
| 010 | _aA-498688 | ||
| 020 | _c30.00 | ||
| 035 | _aA-498688 | ||
| 037 | _bCen Lib/Ret | ||
| 040 |
_aDPL _bHN |
||
| 082 |
_aक _bजैनसु |
||
| 100 |
_aजैन, सुमन _92233 |
||
| 245 |
_aखाली कलश / _cसुमन जैन |
||
| 246 |
_aKhali kalash / _bby Suman Jain |
||
| 260 |
_aनई दिल्ली _bअनुराग प्रकाशन _c1967 |
||
| 270 |
_aबी-ई-10-डी, डी.डी.ए.मुनीरका _bनई दिल्ली _e110006 |
||
| 300 |
_a102पृ. _c17सेमी (सजिल्द) |
||
| 650 |
_aहिन्दी -- साहित्य _956961 |
||
| 650 |
_aहिन्दी -- कहानी _9779 |
||
| 650 |
_aHindi -- Literature _956962 |
||
| 650 |
_aHindi -- story _943117 |
||
| 942 |
_2ddc _cHN _hक _mजैनसु |
||
| 999 |
_c114474 _d114474 |
||